000 00660nam a22001937a 4500
005 20251108165818.0
008 250721s1982 xx 000 0 ara d
082 1 4 _aط/214.2/زين
100 1 _aالزين، سميح عاطف
245 1 0 _aداوود و سليمان و يونس /
264 1 _aبيروت :
_bدار الكتاب اللبناني: مكتبة المدرسية،
_c1982.
300 _a109ص0
490 0 _aقصص الانبياء في القرآن الكريم ،6
650 1 7 _aأصول الدين الإسلامي
650 1 7 _aالنبوات
653 _aناشئون صغار (10-14) سنة
942 _2ddc
_cBK
999 _c31916
_d31916